| 000 | 00346nam a2200133Ia 4500 | ||
|---|---|---|---|
| 999 |
_c14679 _d14679 |
||
| 082 | _aRR 491.433 GYA; | ||
| 245 | 0 | _aGyan sabdh kosh: sabdh sankiya 72555 | |
| 260 |
_aBanaras _bGyanmandal Publishers _c1986 |
||
| 300 | _a1006p. | ||
| 504 | _aRef. book | ||
| 650 | _aHindi language - Dictionaries | ||
| 700 | _aShrivastav, Mukundilal | ||
| 942 | _cBK | ||